000 00551nam a2200217Ia 4500
003 OSt
005 20220928133252.0
006 a|||||r|||| 00| 0
007 ta
008 220927b |||||||| |||| 00| 0 eng d
024 _a130904
037 _cTextual
040 _aSDCL
_cSDCL
_beng
041 _2eng
_aeng
082 _aR3, K4
100 _aRead Herbert
_9413769
245 0 _aThe philosophy of morden art.
260 _aLondon
_bFaber and Faber
_c1964
942 _hR3, K4
_cTEXL
_2CC
999 _c798652
_d798652